000 00731nam a2200229 a 4500
001 BRCA_8099
005 20190320210130.0
008 070414s1965----enkb###f##---#001-0#eng-#
041 _aeng
044 _aenk
050 4 _aG3762
_b.AM512
_c1965
245 1 0 _aAmerica
_bcatalogue of maps, plans and charts of North and South America and the West Indias.
260 _aLondon
_bEdward Francis
_c1965
300 _a26 p.
_bMapas
_c21 cm.
500 _aY144
650 1 4 _aCartografía
_zAmérica
_920148
651 4 _aAmèrica del Sur
_vMapas, planos y cartas
_920149
651 4 _aAmèrica del Norte
_vMapas, planos y cartas
_920150
651 4 _aIndias occidentales
_vMapas, planos y cartas
_920151
902 _aGFM
942 _2lcc
_cB
999 _c7767
_d7767